000 00748nam a2200205Ii 4500
003 JO-AjNU
008 230605s9999||||xx |||||||||||||| ||und||
040 _aJO-AjNU
_bara
_erda
_cJO-AjNU
041 _aara
050 1 4 _aBP144.D4.1998
100 3 _aتاليف الذهبي، الحافظ ابي عبدالله محمد بن احمد؛ تحقيق وتعليق اسامة صلاح الدين منيمنه,
_eauthor
_962080
245 0 0 _aالكبائر
250 _aط4
264 3 1 _aبيروت: دار احياء العلوم، 1998
300 _a439ص
336 _atext
_btxt
_2rdacontent
337 _aunmediated
_bn
_2rdamedia
338 _avolume
_bnc
_2rdacarrier
650 4 _aالكبائر-شريعة اسلامية-الدعوة
_962081
999 _aA28093
_c31661
_d31661